A treatise on engineering field-work (Record no. 113877)

MARC details
000 -LEADER
fixed length control field 00886cam a22002055a 4500
001 - CONTROL NUMBER
control field L155857
008 - FIXED-LENGTH DATA ELEMENTS--GENERAL INFORMATION
fixed length control field 120418s1840 xxk f 000 0 eng d
035 ## - SYSTEM CONTROL NUMBER
System control number (Sirsi) u155857
041 0# - LANGUAGE CODE
Language code of text/sound track or separate title eng
100 1# - MAIN ENTRY--PERSONAL NAME
Personal name Bruff, Peter
245 02 - TITLE STATEMENT
Title A treatise on engineering field-work
Remainder of title comprising the practice of surveying, levelling, laying out works, and other field operations connected with engineering. With numerous diagrams and plates
250 ## - EDITION STATEMENT
Edition statement 2nd ed., corrected and enl.
260 ## - PUBLICATION, DISTRIBUTION, ETC.
Place of publication, distribution, etc. London
Name of publisher, distributor, etc. Simpkin, Marshall, and Co.
Date of publication, distribution, etc. 1840
300 ## - PHYSICAL DESCRIPTION
Extent vii, 176 p.
Other physical details ill., 7 (i.e. 6) pl. (incl. plans, diagrs., 4 fold.)
Dimensions 23 cm.
520 ## - SUMMARY, ETC.
Summary, etc. A second part was published in 1842. This is part 1, "The theory and practice of surveying".
583 ## - ACTION NOTE
Action Condition reviewed
Time/date of action 20120620
Status condition level 4
651 #4 - SUBJECT ADDED ENTRY--GEOGRAPHIC NAME
Geographic name Great Britain
Chronological subdivision 1707-
690 ## - LOCAL SUBJECT ADDED ENTRY--TOPICAL TERM (OCLC, RLIN)
Topical term or geographic name as entry element Construction management
9 (RLIN) 6230
942 ## - ADDED ENTRY ELEMENTS (KOHA)
Suppress in OPAC 0
Holdings
Withdrawn status Lost status Source of classification or shelving scheme Damaged status Not for loan Home library Current library Shelving location Date acquired Total Checkouts Full call number Barcode Date last seen Copy number Price effective from Koha item type
    Dewey Decimal Classification     Historic collection Historic collection Historic collection 18/04/2012   OCTAVO 1840 BRUFF 30076755 06/08/2019 1 06/08/2019 Book